000 00694nam a2200241Ia 4500
003 OSt
005 20220925210628.0
006 a|||||r|||| 00| 0
007 ta
008 220923b |||||||| |||| 00| 0 eng d
037 _cGeneral Book
040 _aRTL
_cRTL
_beng
041 _2eng
_aeng
082 _aYogA, L3
100 _aMullins Nicholas C
_9272808
245 0 _aScience
_b Some sociological perspectives.
260 _aIndia-napolis
_bBobbs-Merrill Co.
_c1973
300 _a40p
_ccm.
490 _aBobbs-Merill Studies in Sociology
500 _aBibliography : P 37-39
942 _hYogA, L3
_cGB
_2CC
999 _c555642
_d555642